[Event "Terre degli Elimi op 4th"]
[Site "Erice"]
[Date "2013.07.26"]
[Round "4"]
[White "Walkusz, Malgorzata"]
[Black "Lo Bosco, Salvatore"]
[Result "1/2-1/2"]
[WhiteElo "1924"]
[BlackElo "1720"]
[PlyCount "114"]
[EventDate "2013.07.24"]
[EventType "swiss"]
[EventRounds "7"]
[EventCountry "ITA"]
[SourceTitle "EXT 2015"]
[Source "ChessBase"]
[SourceDate "2014.11.20"]
[SourceVersion "1"]
[SourceVersionDate "2014.11.20"]
[SourceQuality "1"]

1. e4 c5 2. Nf3 d6 3. Bb5+ Bd7 4. a4 Qa5 5. Bxd7+ Nxd7 6. 0-0 Ngf6 7. Re1 Qc7 8. c3 e6 9. d4 Be7 10. h3 Rc8 11. Na3 a6 12. Bd2 0-0 13. b4 cxb4 14. cxb4 Rfe8 15. Rc1 Qb8 16. Qe2 Rxc1 17. Rxc1 Rc8 18. Nc2 Bf8 19. b5 Qa8 20. e5 dxe5 21. dxe5 Nd5 22. Ncd4 Rxc1+ 23. Bxc1 Qc8 24. Bb2 N7b6 25. a5 Na4 26. bxa6 bxa6 27. Nb3 Nxb2 28. Qxb2 Qc3 29. Nfd4 Qc7 30. Qe2 Qb7 31. Qc4 h6 32. g3 Bb4 33. Qc6 Qxc6 34. Nxc6 Bc3 35. Nc5 Nc7 36. Kf1 Kf8 37. f4 Ke8 38. Ke2 g6 39. Kf3 h5 40. g4 hxg4+ 41. Kxg4 Bd2 42. h4 Be3 43. Ne4 Nd5 44. Nf6+ Nxf6+ 45. exf6 Bd2 46. Nb8 Bxa5 47. Nxa6 Bc3 48. Kg5 Bd2 49. Nc5 e5 50. Ne6 fxe6 51. Kxg6 Kf8 52. fxe5 Kg8 53. f7+ Kf8 54. Kf6 Bc3 55. h5 Bxe5+ 56. Kxe6 Ba1 57. h6 Bb2 1/2-1/2

[Event "Terre degli Elimi op 4th"]
[Site "Erice"]
[Date "2013.07.25"]
[Round "2"]
[White "Walkusz, Malgorzata"]
[Black "Russo, Carmelo"]
[Result "1-0"]
[WhiteElo "1924"]
[BlackElo "1686"]
[PlyCount "113"]
[EventDate "2013.07.24"]
[EventType "swiss"]
[EventRounds "7"]
[EventCountry "ITA"]
[SourceTitle "EXT 2015"]
[Source "ChessBase"]
[SourceDate "2014.11.20"]
[SourceVersion "1"]
[SourceVersionDate "2014.11.20"]
[SourceQuality "1"]

1. e4 c6 2. d3 d5 3. Nd2 e5 4. Ngf3 Bg4 5. Be2 Bxf3 6. Bxf3 Nf6 7. 0-0 Be7 8. Re1 Nbd7 9. c3 0-0 10. Qc2 Qc7 11. Nf1 Rfd8 12. d4 Rac8 13. Ng3 g6 14. Bh6 Kh8 15. Qb3 Kg8 16. exd5 cxd5 17. Bxd5 Nxd5 18. Qxd5 Bf6 19. Ne4 Be7 20. Ng5 Bxg5 21. Bxg5 Re8 22. Rad1 Nb6 23. Qb3 exd4 24. cxd4 Qc4 25. Qxc4 Rxe1+ 26. Rxe1 Rxc4 27. Bf6 Rc8 28. g4 Nd5 29. Be5 Rc2 30. Bb8 a6 31. Re5 Nf6 32. d5 Rc5 33. Re7 Nxd5 34. Rxb7 Rc1+ 35. Kg2 Rc2 36. Be5 f6 37. Bd4 Rc6 38. a3 Nc7 39. Bxf6 Rxf6 40. Rxc7 Rb6 41. b4 Rf6 42. Ra7 h5 43. f4 Rd6 44. a4 Rd2+ 45. Kf3 Rd6 46. Rb7 Rd3+ 47. Ke4 Ra3 48. a5 Ra2 49. Rb6 Rb2 50. Rxg6+ Kh7 51. Rxa6 Rxb4+ 52. Ke5 Rb2 53. Ra7+ Kg6 54. a6 Rxh2 55. Ra8 Kg7 56. a7 Ra2 57. Ke6 1-0

[Event "POL-chT 2nd div South"]
[Site "Polanica Zdroj"]
[Date "1999.??.??"]
[Round "2"]
[White "Walkusz, Malgorzata"]
[Black "Wesolowska, Hanna"]
[Result "1/2-1/2"]
[WhiteElo "2030"]
[BlackElo "2074"]
[PlyCount "22"]
[EventDate "1999.09.17"]
[EventType "team-swiss"]
[EventRounds "10"]
[EventCountry "POL"]
[SourceTitle "EXT 2001"]
[Source "ChessBase"]
[SourceDate "2000.11.22"]
[SourceVersion "1"]
[SourceVersionDate "2000.11.22"]
[SourceQuality "1"]
[WhiteTeam "POL-chT 2nd div South 27"]
[BlackTeam "POL-chT 2nd div South 06"]
[WhiteTeamCountry "POL"]
[BlackTeamCountry "POL"]

1. e4 e5 2. Nf3 Nc6 3. Bb5 a6 4. Bxc6 dxc6 5. 0-0 f6 6. d4 exd4 7. Nxd4 c5 8. Nb3 Qxd1 9. Rxd1 Bd6 10. Nc3 Ne7 11. Be3 b6 1/2-1/2

[Event "POL-ch (Women)"]
[Site "Lublin"]
[Date "1993.??.??"]
[Round "9"]
[White "Pilarska, Czeslawa"]
[Black "Walkusz, Malgorzata"]
[Result "1-0"]
[WhiteElo "2170"]
[BlackElo "2045"]
[PlyCount "115"]
[EventDate "1993.??.??"]
[EventType "tourn"]
[EventRounds "13"]
[EventCountry "POL"]
[SourceTitle "EXT 1999"]
[Source "ChessBase"]
[SourceDate "1998.11.16"]
[SourceVersion "1"]
[SourceVersionDate "1998.11.16"]
[SourceQuality "1"]

1. e4 Nf6 2. e5 Nd5 3. d4 d6 4. Nf3 dxe5 5. Nxe5 g6 6. Be2 Bg7 7. 0-0 0-0 8. c4 Nb6 9. Bf4 a5 10. Nc3 Nc6 11. Nxc6 bxc6 12. Be5 Bxe5 13. dxe5 Be6 14. b3 a4 15. c5 Nd7 16. Nxa4 Nxe5 17. Qc2 Qd4 18. Rad1 Qb4 19. Qd2 Rfb8 20. Qg5 f6 21. Qe3 Kf7 22. Rd4 Qa3 23. f4 Ng4 24. Qd2 f5 25. Bf3 Rxa4 26. Rxa4 Qxc5+ 27. Qd4 Qxd4+ 28. Rxd4 c5 29. Ra4 Ne3 30. Rc1 c4 31. bxc4 Rb2 32. a3 c5 33. Re1 Nc2 34. Re5 Rb3 35. Rxc5 Nxa3 36. Bd5 Bxd5 37. Rxd5 Rc3 38. c5 Nb5 39. Re5 Nc7 40. Ra1 Ne6 41. Rae1 Nxf4 42. Rxe7+ Kf6 43. g3 Nd5 44. R1e6+ Kg5 45. Rxh7 Rxc5 46. Rg7 Kg4 47. Rgxg6+ Kf3 48. Re1 Ne3 49. Re6 Nc2 50. Rf1+ Kg4 51. Rg6+ Kh5 52. Rg8 Ne3 53. Rf4 Rc1+ 54. Kf2 Ng4+ 55. Ke2 Rc2+ 56. Kd3 Rc5 57. h3 Rd5+ 58. Kc3 1-0

[Event "POL-ch (Women)"]
[Site "Lublin"]
[Date "1993.??.??"]
[Round "1"]
[White "Walkusz, Malgorzata"]
[Black "Bednarska, Malgorzata"]
[Result "0-1"]
[WhiteElo "2045"]
[BlackElo "2180"]
[PlyCount "128"]
[EventDate "1993.??.??"]
[EventType "tourn"]
[EventRounds "13"]
[EventCountry "POL"]
[SourceTitle "EXT 1999"]
[Source "ChessBase"]
[SourceDate "1998.11.16"]
[SourceVersion "1"]
[SourceVersionDate "1998.11.16"]
[SourceQuality "1"]

1. e4 c5 2. Nf3 d6 3. Bb5+ Nc6 4. 0-0 Bd7 5. c3 Nf6 6. Re1 a6 7. Ba4 c4 8. Na3 b5 9. Bc2 e6 10. b3 cxb3 11. axb3 Be7 12. d4 b4 13. d5 bxa3 14. dxc6 Bxc6 15. Bxa3 0-0 16. e5 Bxf3 17. Qxf3 dxe5 18. Bxe7 Qxe7 19. Rxe5 Qd6 20. Qe2 g6 21. Rea5 Nd5 22. c4 Nb4 23. Be4 Rab8 24. c5 Qe5 25. Bd3 Qc3 26. Bc4 Nc2 27. R1a2 Nd4 28. Qd1 Rfd8 29. Rxa6 Nxb3 30. Rd6 Rdc8 31. Bxb3 Qxb3 32. Rc2 Qb4 33. Qc1 Rb5 34. Rc4 Rbxc5 35. Rxc5 Rxc5 36. Rd8+ Kg7 37. Qa1+ e5 38. h3 Qf4 39. Rd1 Rc2 40. Qa7 Re2 41. Qb6 h5 42. Kf1 Qc4 43. Kg1 Qc2 44. Ra1 h4 45. Qa7 Qb2 46. Rd1 e4 47. Qd4+ Qxd4 48. Rxd4 Re1+ 49. Kh2 f5 50. g3 Re2 51. Kg1 e3 52. Rxh4 Rxf2 53. Rb4 Rc2 54. Kf1 g5 55. h4 gxh4 56. gxh4 Kf6 57. Ke1 Rh2 58. Rf4 Ke5 59. Ra4 f4 60. Ra5+ Ke4 61. Kf1 Kf3 62. Kg1 Rd2 63. h5 Rd1+ 64. Kh2 e2 0-1

[Event "POL-ch (Women)"]
[Site "Lublin"]
[Date "1993.??.??"]
[Round "12"]
[White "Walkusz, Malgorzata"]
[Black "Szczygiel, Agnieszka"]
[Result "1-0"]
[WhiteElo "2045"]
[BlackElo "2135"]
[PlyCount "131"]
[EventDate "1993.??.??"]
[EventType "tourn"]
[EventRounds "13"]
[EventCountry "POL"]
[SourceTitle "EXT 1999"]
[Source "ChessBase"]
[SourceDate "1998.11.16"]
[SourceVersion "1"]
[SourceVersionDate "1998.11.16"]
[SourceQuality "1"]

1. e4 e5 2. Nf3 Nf6 3. d3 Nc6 4. Be2 Be7 5. 0-0 d5 6. Nbd2 0-0 7. h3 Re8 8. a4 a6 9. c3 Rb8 10. a5 Bf8 11. Re1 g6 12. Qc2 Bg7 13. Bf1 h6 14. g3 Bd7 15. Bg2 Re7 16. Nf1 dxe4 17. dxe4 Be6 18. Ne3 Rd7 19. Bf1 Qe8 20. Nc4 Nh7 21. Be3 Nf8 22. b4 Bxc4 23. Bxc4 Ne6 24. b5 axb5 25. Bxb5 Rd6 26. Qa4 Qd8 27. Red1 Ne7 28. Rxd6 cxd6 29. Rd1 Nc8 30. Bc4 Ra8 31. Qb3 Qd7 32. a6 Rb8 33. Bd5 b6 34. Bb7 Nc5 35. Bxc5 bxc5 36. Qd5 Qxh3 37. Bxc8 Qxc8 38. Qxd6 Ra8 39. Ra1 Kh7 40. Nxe5 Bxe5 41. Qxe5 Rxa6 42. Rxa6 Qxa6 43. Qxc5 Qe2 44. Qd5 Qf3 45. c4 h5 46. c5 h4 47. gxh4 Qg4+ 48. Kf1 Qh3+ 49. Ke1 Qc3+ 50. Ke2 Qb2+ 51. Kf3 Qf6+ 52. Kg3 Qc3+ 53. Kg4 Qf6 54. f3 Qe7 55. c6 Qa7 56. Qd7 Qg1+ 57. Kf4 Qc1+ 58. Ke5 Qc3+ 59. Kd6 Qb4+ 60. Kc7 Qa5+ 61. Kb8 Qb6+ 62. Kc8 Kh6 63. Qd2+ Kg7 64. Kd7 Qa7+ 65. c7 Qa4+ 66. Kd8 1-0